Cómo la sociología ve el mundo /

Uloženo v:
Podrobná bibliografie
Hlavní autor: Schneider, Louis (autor)
Médium: Kniha
Jazyk:španělština
Vydáno: Buenos Aires, Argentina : Paidós, 1979, c1979
Edice:(Ideas y Perspectivas ; 1)
Témata:
Tagy: Přidat tag
Žádné tagy, Buďte první, kdo vytvoří štítek k tomuto záznamu!

MARC

LEADER 00000nam^a2200000^a^4500
001 000000361
005 20250521000000.0
009 20260310083024.099
037 |a Acervo ITESO - Biblioteca 
041 |a ESP 
082 |a 300.  |b SCH 
100 |a Schneider, Louis  |e (autor) 
245 1 0 |a Cómo la sociología ve el mundo /  |c L. Schneider ; tr. por Natalio Názar. 
264 4 |a Buenos Aires, Argentina :  |b Paidós,  |c 1979, c1979 
300 |a 301 p. 
336 |a texto  |b txt  |2 rdacontenido 
337 |a sin mediación  |b n  |2 rdamedio 
338 |a volumen  |b nc  |2 rdasoporte 
440 1 |a (Ideas y Perspectivas ;  |v 1) 
500 |a Traducción de: The Sociological Way of Looking at The World 
649 |a XX 
650 |a Ironía 
650 |a Interacción Social 
650 |a Organización Social 
650 |a Cambios Sociales y Culturales 
650 |a Sociología -  |x Teoría 
650 |a Sociología -  |x Tema Principal 
910 |a Fondo General 
920 |a Impresos - Libros 
930 |a Colección General 
905 |a 101 
901 |a 0003610100  |b IT1  |c ACC  |i 000361  |u 20250521 
902 |a https://opac.biblio.iteso.mx/vufind/Record/000000361